|
|
|
|
| LEADER |
01337nam a22003374a 4500 |
| 001 |
27602 |
| 003 |
BD-DhAAL |
| 005 |
20130926131409.0 |
| 008 |
130926s2006 mau b 001 0 eng |
| 010 |
|
|
|a 2005058425
|
| 020 |
|
|
|a 0262026007 (alk. paper)
|
| 020 |
|
|
|a 0262524546 (pbk. : alk. paper)
|
| 020 |
|
|
|a 9780262026000
|
| 020 |
|
|
|a 9780262524544
|
| 040 |
|
|
|a DLC
|c DLC
|d DLC
|d BD-DhAAL
|
| 050 |
0 |
0 |
|a JF60
|b .D43 2006
|
| 082 |
0 |
0 |
|a 320.809172/4
|2 22
|
| 245 |
0 |
0 |
|a Decentralization and local governance in developing countries :
|b a comparative perspective /
|c edited by Pranab Bardhan and Dilip Mookherjee.
|
| 260 |
|
|
|a Cambridge, Mass. :
|b MIT Press,
|c c2006.
|
| 300 |
|
|
|a vi, 363 p. :
|b ill. ;
|c 24 cm.
|
| 504 |
|
|
|a Includes bibliographical references and index.
|
| 541 |
|
|
|e 27602
|
| 650 |
|
0 |
|a Decentralization in government
|z Developing countries.
|9 2481
|
| 650 |
|
0 |
|a Local government
|z Developing countries.
|9 3283
|
| 650 |
|
0 |
|a Comparative government.
|9 3284
|
| 651 |
|
0 |
|a Developing countries
|x Politics and government.
|9 3285
|
| 700 |
1 |
|
|a Bardhan, Pranab K.
|9 3286
|
| 700 |
1 |
|
|a Mookherjee, Dilip.
|9 3287
|
| 942 |
|
|
|2 ddc
|c BK
|
| 999 |
|
|
|c 14030
|d 14030
|
| 952 |
|
|
|0 0
|1 0
|2 ddc
|4 0
|6 320_809172400000000_DEC
|7 0
|9 23515
|a IGS
|b IGS
|c GEN
|d 2013-09-26
|e Trim Education
|g 3025.00
|l 0
|o 320.8091724 DEC
|p 3010027602
|r 2013-09-26
|t 1
|w 2013-09-26
|y BK
|